This Special Edition of a Treatise on Nervous Diseases / 2 Volumes (Record no. 1796)

000 -LEADER
fixed length control field 00755nam a22001937a 4500
003 - CONTROL NUMBER IDENTIFIER
control field OSt
005 - DATE AND TIME OF LATEST TRANSACTION
control field 20210301060343.0
008 - FIXED-LENGTH DATA ELEMENTS--GENERAL INFORMATION
fixed length control field 210226s1984 ||||| |||| 00| 0 eng d
040 ## - CATALOGING SOURCE
Original cataloging agency eng
Language of cataloging eng
Transcribing agency DLC
Modifying agency eng
041 ## - LANGUAGE CODE
Language code of text/sound track or separate title eng
080 ## - UNIVERSAL DECIMAL CLASSIFICATION NUMBER
Universal Decimal Classification number 616.8
Item number C-77
100 ## - MAIN ENTRY--PERSONAL NAME
9 (RLIN) 1173
Personal name Cooke, John
245 ## - TITLE STATEMENT
Title This Special Edition of a Treatise on Nervous Diseases / 2 Volumes
Statement of responsibility, etc. Volume 2 - History and Method of Cure of the Various Species of Palsy
Remainder of title / by: The Classics of Neurology and Neurosurgery Library
260 ## - PUBLICATION, DISTRIBUTION, ETC.
Place of publication, distribution, etc. Birmingham, Alabama
Name of publisher, distributor, etc. The Classics of Neurology and Neurosurgery Library
Date of publication, distribution, etc. 1984
300 ## - PHYSICAL DESCRIPTION
Extent 2 volumes. vol 1 - 469 p. vol.2 - 235 p. Both Volumes - 704 p.
650 #0 - SUBJECT ADDED ENTRY--TOPICAL TERM
9 (RLIN) 100
Topical term or geographic name entry element Neurology
653 ## - INDEX TERM--UNCONTROLLED
Uncontrolled term ნევროლოგია
942 ## - ADDED ENTRY ELEMENTS (KOHA)
Source of classification or shelving scheme
Koha item type Books
Holdings
Withdrawn status Lost status Source of classification or shelving scheme Damaged status Not for loan Permanent location Current location Date acquired Inventory number Total Checkouts Full call number Barcode Date last seen Price effective from Koha item type
          Ken Walker International University Ken Walker International University 03/01/2021 551   616.8 C-77 551 03/01/2021 03/01/2021 Books

Powered by Koha